Die meistgehörten Songs auf Spotify - Statistiken

Allgemein
  • Dieses Quiz wurde 185 mal gespielt
  • Das Durchschnittsergebnis liegt bei 4 aus 15
Antwortstatistiken
streams
in milionen
song % Korrekt
3.511 Shape of You
78%
3.626 Blinding Lights
69%
2.500 Perfect
27%
2.836 Dance Monkey
26%
2.598 Stay
25%
2.663 One Dance
23%
2.479 Starboy
22%
2.702 Sunflower
20%
2.694 Rockstar
18%
2.538 Believer
13%
2.448 Señorita
13%
2.819 Someone You Loved
13%
2.481 Heat Waves
12%
2.557 Closer
11%
2.374 Say You Won't Let Go
7%
Keine übereinstimmenden Quizze gefunden
Verteilung der Resultate
Anzahl Personen mit jedem Resultat
Perzentil nach korrekt beantworteten Fragen
Ihre Resultats-Entwicklung
Sie haben dieses Quiz noch nicht gespielt